Statistics for Noah Kahan - Halloween Lyrics

Click here to take the quiz!

General Stats

  • This quiz has been taken 54 times
  • The average score is 286 of 380

Answer Stats

Answer% Correct
A
97%
a
97%
I
97%
to
97%
But
94%
but
94%
ghost
94%
haunt
94%
It
94%
it
94%
It's
94%
it's
94%
know
94%
Know
94%
no
94%
the
94%
The
94%
you
94%
Halloween
90%
how
90%
knows
90%
not
90%
as
87%
I'm
87%
In
87%
in
87%
long
87%
sure
87%
Sure
87%
up
87%
away
84%
dressed
84%
for
84%
me
84%
of
84%
place
84%
we
84%
Yeah
84%
an
81%
And
81%
and
81%
longer
81%
that
81%
afraid
77%
have
77%
my
77%
oh
77%
on
77%
sail
77%
sailin'
77%
this
77%
been
74%
bridges
74%
home
74%
if
74%
If
74%
started
74%
when
74%
worry
74%
your
74%
Your
74%
ash
71%
at
71%
fire
71%
leavin'
71%
since
71%
smoke
71%
So
71%
town
71%
wreckage
71%
address
68%
changin'
68%
day
68%
drink
68%
got
68%
one
68%
reside
68%
some
68%
They
68%
'til
68%
want
68%
were
68%
won't
68%
all
65%
back
65%
burnt
65%
come
65%
days
65%
fine
65%
last
65%
return
65%
you'll
65%
Boston
61%
change
61%
down
61%
foreign
61%
found
61%
here
61%
I'll
61%
make
61%
myself
61%
New
61%
ode
61%
off
61%
old
61%
Orleans
61%
see
61%
stuck
61%
are
58%
burnin'
58%
children
58%
drown
58%
Earth
58%
every
58%
face
58%
heard
58%
language
58%
light
58%
low
58%
money
58%
once
58%
Print
58%
starts
58%
strange
58%
with
58%
Workin'
58%
yes
58%
again
55%
each
55%
empty
55%
hole
55%
only
55%
sun
55%
them
55%
There's
55%
coastal
52%
Collect
52%
dawn
52%
dream
52%
hands
52%
hasn't
52%
hope
52%
isn't
52%
murder
52%
tell
52%
these
52%
crows
48%
drinkin'
48%
end
48%
learned
48%
life
48%
losin'
48%
rose
48%
song
48%
truth
48%
voice
48%
dug
45%
grave
45%
hearin'
45%
lyin'
45%
over
45%
pockets
45%
settin'
45%
speak
45%
mm
42%
Mm
42%
objects
42%
scent
42%
screen
42%
tiniest
42%
weary
42%
you’re
42%
Ah
39%
fear
39%
need
39%
seein'
39%
wicked
35%
hm
32%
longshoreman
32%
fearin'
19%

Score Distribution

Percentile by Number Answered

Percent of People with Each Score

Your Score History

You have not taken this quiz